000 00590nam a2200181Ia 4500
008 090630s9999 xx 000 0 und d
082 _b14585
100 _aपारगावकर राजा.
245 _aअजगर.
_cपारगावकर राजा.
260 _bभारतीय प्र. मंदिर - मुंबई.
_c1970
300 _a84
600 _aपारगावकर राजा.
630 _aअजगर.
655 _aलघुकथा.
700 _aपारगावकर राजा.
730 _aअजगर.
942 _cBOOK
999 _c266441
_d266441